Metodología para elaborar una tesis (Registro nro. 7628)

Detalles MARC
000 -Cabecera
Campo de control de longitud fija 01020aam a2200397 4500
005 - Fecha y hora de la última transacción
Campo de control 20260422183537.0
008 - Elementos de longitud fija--Información general
Campo de control de longitud fija 150414b2018 xxu||||| |||| 00| 0 spa d
020 ## - International Standard Book Number
Número Internacional Estándar del Libro (ISBN) 9789968480789
041 ## - Idioma
Código de idioma Español
082 ## - Clasificación Decimal Dewey
Número de clasificación 001.42 U36me
100 ## - Entrada principal--Autor personal
Nombre personal Ulate Soto, Ileana
100 ## - Entrada principal--Autor personal
Nombre personal Vargas Morúa, Elizarda
245 ## - Título propiamente dicho
Título Metodología para elaborar una tesis
260 ## - Pie de imprenta
Lugar de publicación, distribución, etc. Costa Rica
Nombre del editor, distribuidor, etc. EUNED
260 ## - Pie de imprenta
Nombre del editor, distribuidor, etc. EUNED
260 ## - Pie de imprenta
Fecha de publicación, distribución, etc. 2018
300 ## - Descripción física
Extensión 220 páginas
490 ## - Serie
Título de la Serie Temática General
650 ## - Materia general
Temática (materia general) METODOLOGÍA DE LA INVESTIGACIÓN
650 ## - Materia general
Temática (materia general) INVESTIGACIÓN
650 ## - Materia general
Temática (materia general) ANTEPROYECTO
650 ## - Materia general
Temática (materia general) PROCESO DE INVESTIGACIÓN
650 ## - Materia general
Temática (materia general) MARCO TEÓRICO
650 ## - Materia general
Temática (materia general) MARCO METODOLÓGICO
650 ## - Materia general
Temática (materia general) ANÁLISIS DE LA INFORMACIÓN
650 ## - Materia general
Temática (materia general) TESIS
650 ## - Materia general
Temática (materia general) PROYECTO
650 ## - Materia general
Temática (materia general) PROBLEMA DE ESTUDIO
650 ## - Materia general
Temática (materia general) NORMAS APA
650 ## - Materia general
Temática (materia general) ÉTICA
650 ## - Materia general
Temática (materia general) INFORME FINAL
650 ## - Materia general
Temática (materia general) ENTREVISTA
650 ## - Materia general
Temática (materia general) ENCUESTA
650 ## - Materia general
Temática (materia general) DEFENSA DE TESIS
942 ## - Punto de acceso adicional KOHA
Tipo de ítem KOHA Libro
Fuente del sistema de clasificación o colocación Dewey Decimal Classification
Existencias
Signatura completa Código de barras Programa Académico Tipo de ítem
001.42 U36me 24826 Temática General Libro
001.42 U36me 24827 Temática General Libro
001.42 U36me 24828 Temática General Libro
001.42 U36me 24829 Temática General Libro